[Event "DEM U14w 2014"]
[Site "Magdeburg GER"]
[Date "2014.06.08"]
[Round "2"]
[White "Christiansen, Anna"]
[Black "Reinecke, Katharina"]
[Result "1-0"]
[Termination "normal"]
[Board "11"]
[WhiteElo "1330"]
[BlackElo "1599"]
[PlyCount "155"]
[WhiteFideId "12952230"]
[BlackFideId "12929727"]
[EventCountry "GER"]
[EventRounds "9"]
[EventType "swiss"]
[EventDate "2014.06.07"]

1. e4 c6 2. Nc3 d5 3. Nf3 Bg4 4. exd5 cxd5 5. h3 Bxf3 6. Qxf3 e6 7. Bb5+ Nc6 8.
Ne2 Nf6 9. Nd4 Qb6 10. Nxc6 Qxb5 11. Ne5 Bd6 12. d4 Rc8 13. c3 O-O 14. Nd3 a5
15. O-O Qa6 16. Bf4 Be7 17. Be5 b5 18. a3 Ne4 19. Qg4 Bf6 20. Bxf6 Nxf6 21. Qh4
b4 22. Nc5 Qc4 23. Qg3 Qb5 24. axb4 axb4 25. Rfb1 Rb8 26. cxb4 Qc4 27. Qc3 Rxb4
28. Qxc4 Rxc4 29. Rd1 Rb8 30. b3 Rc2 31. f3 g6 32. Rd3 Kg7 33. g4 Re2 34. Na6
Rc8 35. Nc5 Rb2 36. Rc3 Rb8 37. Rd3 Rb6 38. Ra3 Rc6 39. Ra1 h5 40. Rad1 Rc7 41.
R3d2 Rxd2 42. Rxd2 hxg4 43. hxg4 Ne8 44. b4 Nd6 45. Rc2 Nb5 46. Rd2 Ra7 47. Kf2
Ra3 48. Kg3 Rc3 49. Kf4 Rc4 50. Na6 Rxd4+ 51. Rxd4 Nxd4 52. Nc7 Kf6 53. b5 Ke7
54. b6 Kd6 55. Ke3 Nc6 56. Na6 Na5 57. Nb8 Kc5 58. Nd7+ Kc6 59. Ne5+ Kxb6 60.
Nxf7 Kc5 61. Kd3 Nc4 62. f4 Nd6 63. Ne5 g5 64. fxg5 Ne4 65. g6 Kd6 66. g7 Nf6
67. g5 Ng8 68. Kd4 Ke7 69. Kc5 Ke8 70. Kd6 d4 71. Kxe6 Ne7 72. Nc6 Ng6 73.
g8=Q+ Nf8+ 74. Kd6 d3 75. Qg7 Ng6 76. Qxg6+ Kf8 77. Ke6 d2 78. Qf7# 1-0

[Event "DEM U14w 2014"]
[Site "Magdeburg GER"]
[Date "2014.06.08"]
[Round "2"]
[White "Sewald, Kathrin"]
[Black "Cejda, Cecilia"]
[Result "1/2-1/2"]
[Termination "normal"]
[Board "12"]
[WhiteElo "1540"]
[BlackElo "1552"]
[PlyCount "99"]
[WhiteFideId "12964557"]
[BlackFideId "12921122"]
[EventCountry "GER"]
[EventRounds "9"]
[EventType "swiss"]
[EventDate "2014.06.07"]

1. e4 c5 2. Nf3 d6 3. d4 cxd4 4. Nxd4 Nf6 5. Bd3 a6 6. c4 e6 7. O-O Bd7 8. Nc3
Nc6 9. Nb3 Ne5 10. Be2 Rc8 11. Nd2 Be7 12. f4 Ng6 13. Nf3 Qb6+ 14. Kh1 Ng4 15.
Nd4 e5 16. Bxg4 Qxd4 17. Bxd7+ Kxd7 18. Qxd4 exd4 19. Nd5 Bd8 20. b3 Ne7 21.
Bb2 Nxd5 22. exd5 Bf6 23. Rad1 Rhe8 24. Bxd4 Bxd4 25. Rxd4 Re2 26. Ra1 Rce8 27.
Rdd1 Rf2 28. Rf1 Ree2 29. Rxf2 Rxf2 30. g3 Ke7 31. Kg1 Re2 32. h4 Kf6 33. g4
Re4 34. Rf1 Re2 35. Rf2 Re1+ 36. Kg2 Re3 37. Rd2 Rc3 38. Kf2 Ke7 39. Re2+ Kd7
40. Kg2 g6 41. f5 gxf5 42. gxf5 f6 43. h5 b5 44. cxb5 axb5 45. Rd2 h6 46. a4
Rxb3 47. axb5 Rxb5 48. Rd4 Kc7 49. Kf3 Rb3+ 50. Kg4 1/2-1/2

[Event "DEM U14w 2014"]
[Site "Magdeburg GER"]
[Date "2014.06.08"]
[Round "2"]
[White "Caliebe, Nanke"]
[Black "Wallat, Jessica"]
[Result "0-1"]
[Termination "normal"]
[Board "13"]
[WhiteElo "1272"]
[BlackElo "1578"]
[PlyCount "104"]
[WhiteFideId "12980528"]
[BlackFideId "12909637"]
[EventCountry "GER"]
[EventRounds "9"]
[EventType "swiss"]
[EventDate "2014.06.07"]

1. d4 d5 2. c4 c6 3. Nc3 Nf6 4. Nf3 e6 5. Bg5 Be7 6. e3 Nbd7 7. Bd3 O-O 8. O-O
Qc7 9. Bxf6 Nxf6 10. g3 Re8 11. c5 e5 12. Nxe5 Bxc5 13. Nxc6 bxc6 14. dxc5 Qd7
15. Qa4 Bb7 16. Rfd1 Qh3 17. Bf1 Qf5 18. Rd4 Qd7 19. Bg2 h6 20. Rad1 Re5 21. e4
Qe8 22. exd5 Re1+ 23. Rxe1 Qxe1+ 24. Bf1 cxd5 25. Rd1 Qe6 26. Bg2 Bc6 27. Qd4
Rd8 28. b4 a6 29. a4 Qd7 30. b5 axb5 31. axb5 Bxb5 32. Nxd5 Nxd5 33. Qxd5 Qxd5
34. Bxd5 Kf8 35. Rb1 Bd3 36. Ba2 Bxb1 37. Bxb1 Rd1+ 38. Kg2 Rxb1 39. c6 Rc1 40.
f4 Rxc6 41. Kf3 f5 42. g4 Rc3+ 43. Kg2 fxg4 44. Kf2 Kf7 45. Kg2 Kf6 46. Kf2 Kf5
47. Kg2 Kxf4 48. Kf2 Rc2+ 49. Ke1 Rxh2 50. Kf1 g3 51. Kg1 Kf3 52. Kf1 Rh1# 0-1

[Event "DEM U14w 2014"]
[Site "Magdeburg GER"]
[Date "2014.06.08"]
[Round "2"]
[White "Böse, Carolin"]
[Black "Duan, Muxi"]
[Result "1-0"]
[Termination "normal"]
[Board "14"]
[WhiteElo "1518"]
[BlackElo "1052"]
[PlyCount "117"]
[WhiteFideId "12929646"]
[BlackFideId "12971960"]
[EventCountry "GER"]
[EventRounds "9"]
[EventType "swiss"]
[EventDate "2014.06.07"]

1. e4 e5 2. Bc4 Nf6 3. Nf3 Nc6 4. Ng5 d5 5. exd5 Na5 6. Bb5+ Bd7 7. Qe2 Bd6 8.
Bxd7+ Qxd7 9. O-O O-O 10. c3 Rfe8 11. b4 h6 12. Ne4 Nxd5 13. bxa5 f5 14. Nxd6
cxd6 15. d3 Qc6 16. c4 Nf4 17. Bxf4 exf4 18. Qf3 Qc7 19. Qd5+ Kh8 20. Qxf5 Rf8
21. Qd5 g6 22. Nd2 Rf5 23. Qd4+ Kh7 24. Ne4 Raf8 25. Qxd6 Qxa5 26. Rfe1 f3 27.
Ng3 R5f6 28. Re7+ Kg8 29. Qd7 R8f7 30. Rxf7 Rxf7 31. Qe8+ Kg7 32. gxf3 Qc3 33.
Rd1 Rxf3 34. Re1 Rf7 35. Re7 Qf6 36. Rxf7+ Qxf7 37. Qxf7+ Kxf7 38. d4 Ke6 39.
Kg2 a6 40. d5+ Ke5 41. f4+ Kd6 42. Ne4+ Kc7 43. c5 b5 44. cxb6+ Kxb6 45. d6 Kc6
46. a4 a5 47. Kg3 Kd7 48. Kg4 Ke6 49. h4 Kf7 50. d7 Ke7 51. Nf6 Kd8 52. h5 g5
53. fxg5 hxg5 54. Kxg5 Ke7 55. h6 Kd8 56. h7 Kc7 57. h8=Q Kc6 58. Qc8+ Kd6 59.
d8=Q+ 1-0

[Event "DEM U14w 2014"]
[Site "Magdeburg GER"]
[Date "2014.06.09"]
[Round "3"]
[White "Sieber, Fiona"]
[Black "Köhler, Inken"]
[Result "1/2-1/2"]
[Termination "normal"]
[Board "1"]
[WhiteElo "1927"]
[BlackElo "1729"]
[PlyCount "137"]
[WhiteFideId "12902373"]
[BlackFideId "12929301"]
[EventCountry "GER"]
[EventRounds "9"]
[EventType "swiss"]
[EventDate "2014.06.07"]

1. e4 c5 2. Nf3 e6 3. d4 cxd4 4. Nxd4 Nf6 5. Bd3 Nc6 6. Nxc6 bxc6 7. O-O d5 8.
exd5 cxd5 9. c4 Bb7 10. Nc3 Bd6 11. cxd5 Nxd5 12. Qa4+ Kf8 13. Nxd5 Bxd5 14.
Be3 Qb8 15. h3 Qb7 16. Qa6 Qxa6 17. Bxa6 Ke7 18. Bd4 Rab8 19. b3 f6 20. Rac1
Bb7 21. Bc4 a6 22. Rfe1 e5 23. Bc3 Rhd8 24. Ba5 Rd7 25. Be2 Ba3 26. Rcd1 Rxd1
27. Rxd1 Rc8 28. Bg4 Rc5 29. Rd7+ Kf8 30. Bb6 Rc1+ 31. Kh2 Bc6 32. Ra7 Bb5 33.
Be3 Rc2 34. Be6 Rxa2 35. b4 Rc2 36. Bc5+ Rxc5 37. bxc5 Bxc5 38. Rf7+ Ke8 39.
Kg3 Bf8 40. Ra7 Be7 41. Ra8+ Bd8 42. Ra7 Be7 43. Bc8 Kf7 44. Bxa6 Bxa6 45. Rxa6
Kg6 46. Rc6 Ba3 47. Kf3 Bb2 48. Ke4 h5 49. Rc2 Ba1 50. Re2 Kg5 51. Ra2 Bc3 52.
Ra3 Be1 53. Ra2 Bc3 54. Re2 Ba1 55. Rc2 h4 56. Rc7 g6 57. Rh7 Bc3 58. Rh8 Be1
59. Ke3 Bc3 60. Kf3 Bd4 61. Rh7 Bc3 62. Rc7 Bd4 63. Rh7 Bc3 64. Ke4 Be1 65. f3
Bg3 66. Rh8 Be1 67. g4 Bc3 68. Rf8 Bb4 69. Rb8

[Event "DEM U14w 2014"]
[Site "Magdeburg GER"]
[Date "2014.06.09"]
[Round "3"]
[White "Simon, Tessa"]
[Black "Rogozenco, Teodora"]
[Result "1-0"]
[Termination "normal"]
[Board "2"]
[WhiteElo "1656"]
[BlackElo "1865"]
[PlyCount "51"]
[WhiteFideId "12929395"]
[BlackFideId "12938084"]
[EventCountry "GER"]
[EventRounds "9"]
[EventType "swiss"]
[EventDate "2014.06.07"]

1. e4 c5 2. Nf3 Nf6 3. Nc3 d5 4. exd5 Nxd5 5. Nxd5 Qxd5 6. c4 Qd8 7. d4 cxd4 8.
Qxd4 Bd7 9. Ne5 Be6 10. Qxd8+ Kxd8 11. Bf4 g5 12. O-O-O+ Ke8 13. Bg3 Bg7 14.
Bd3 f6 15. Nf3 Nc6 16. Rhe1 Kf7 17. a3 a5 18. Kb1 a4 19. Re4 Rhd8 20. Bc7 Rd7
21. Rxe6 Rxc7 22. Ree1 Na5 23. Nd2 Rd8 24. Bxh7 Nxc4 25. Nxc4 Rxc4 26. Rxd8 1-0

[Event "DEM U14w 2014"]
[Site "Magdeburg GER"]
[Date "2014.06.09"]
[Round "3"]
[White "Wächter, Nathalie"]
[Black "Sanati, Charlotte"]
[Result "1-0"]
[Termination "normal"]
[Board "3"]
[WhiteElo "1762"]
[BlackElo "1760"]
[PlyCount "123"]
[WhiteFideId "12921033"]
[BlackFideId "12907707"]
[EventCountry "GER"]
[EventRounds "9"]
[EventType "swiss"]
[EventDate "2014.06.07"]

1. d4 d5 2. Nf3 Nf6 3. c4 c6 4. Qc2 e6 5. g3 Nbd7 6. Bg2 Bd6 7. O-O O-O 8. Bg5
h6 9. Bxf6 Nxf6 10. Nbd2 Re8 11. e4 dxe4 12. Nxe4 Nxe4 13. Qxe4 Qf6 14. Rfe1
Bd7 15. Rad1 Rad8 16. a3 Qf5 17. Qxf5 exf5 18. Ne5 Kf8 19. b4 Bxe5 20. Rxe5
Rxe5 21. dxe5 Ke7 22. Rd6 Be6 23. c5 a6 24. f4 g6 25. Kf2 Rd7 26. Ke3 Bc4 27.
Bf3 h5 28. Be2 Bb5 29. Bd1 Bc4 30. Kd4 Be6 31. Be2 Bc4 32. Kxc4 Kd8 33. Kd4 Ke7
34. Kc4 Kd8 35. Kd3 Ke7 36. Kd4 Rc7 37. Kc4 Rd7 38. Kd4 Rc7 39. Kc4 Rd7 40. Kd4
Rc7 41. e6 f6 42. Kd3 Ke8 43. a4 Rc8 44. Kc4 Rc7 45. b5 a5 46. b6 Re7 47. Kd4
Rg7 48. Ke3 Re7 49. Kf3 Rh7 50. h3 Rg7 51. Ke3 Rh7 52. Kf3 Rg7 53. Rd2 Re7 54.
Rd6 Rg7 55. Rd3 Re7 56. Rd6 Rg7 57. Ke3 Rh7 58. Kf3 Rg7 59. Kg4 Rh7+ 60. Rd3
Rd7+ 61. Rxd7 Kf8+ 62. Kf3

[Event "DEM U14w 2014"]
[Site "Magdeburg GER"]
[Date "2014.06.09"]
[Round "3"]
[White "Ley, Sabrina"]
[Black "Moses, Selina"]
[Result "0-1"]
[Termination "normal"]
[Board "4"]
[WhiteElo "1482"]
[BlackElo "1786"]
[PlyCount "84"]
[WhiteFideId "12938130"]
[BlackFideId "12908070"]
[EventCountry "GER"]
[EventRounds "9"]
[EventType "swiss"]
[EventDate "2014.06.07"]

1. e4 c5 2. Nf3 d6 3. d4 cxd4 4. Nxd4 Nf6 5. Nc3 a6 6. Bg5 Nbd7 7. Qf3 Qc7 8.
O-O-O g6 9. Qg3 Bg7 10. f4 b5 11. Bxf6 Nxf6 12. e5 dxe5 13. fxe5 Nh5 14. Nd5
Qb7 15. Qf3 O-O 16. Nxe7+ Qxe7 17. Qxa8 Bg4 18. Qxa6 Bh6+ 19. Kb1 Bxd1 20. Bxb5
Bg4 21. h3 Bc8 22. Qc6 Qxe5 23. Nf3 Qg3 24. Nd4 Rd8 25. Rf1 Qe3 26. Nb3 Ng3 27.
Rc1 Ne4 28. Qc4 Nd2+ 29. Nxd2 Qxd2 30. Qf1 Qxc1+ 31. Qxc1 Bxc1 32. Kxc1 Bb7 33.
g3 Kf8 34. a4 Ke7 35. b4 Kd6 36. c4 Kc7 37. Kc2 Bc6 38. Bxc6 Kxc6 39. Kc3 f5
40. a5 g5 41. b5+ Kc5 42. a6 f4 0-1

[Event "DEM U14w 2014"]
[Site "Magdeburg GER"]
[Date "2014.06.09"]
[Round "3"]
[White "Wallat, Jessica"]
[Black "Halas, Julia"]
[Result "0-1"]
[Termination "normal"]
[Board "5"]
[WhiteElo "1578"]
[BlackElo "1589"]
[PlyCount "100"]
[WhiteFideId "12909637"]
[BlackFideId "12931810"]
[EventCountry "GER"]
[EventRounds "9"]
[EventType "swiss"]
[EventDate "2014.06.07"]

1. e4 e6 2. d4 d5 3. exd5 exd5 4. Bd3 Bd6 5. c3 Nc6 6. Nf3 Nge7 7. Qc2 Bg4 8.
Nbd2 Qd7 9. b4 Bf5 10. Bxf5 Nxf5 11. O-O O-O 12. a4 a6 13. Nb3 b6 14. Bd2 Rfe8
15. Rfe1 g6 16. Qd3 Bf8 17. Bf4 Nd6 18. Ne5 Nxe5 19. Rxe5 Rxe5 20. Bxe5 Nc4 21.
Qg3 Nxe5 22. Qxe5 Re8 23. Qg3 Qxa4 24. h3 Qxb3 25. Qxc7 Re2 26. Rf1 Rc2 27.
Qxb6 Qxc3 28. Qxa6 Qxb4 29. Qa7 Rd2 30. Re1 Qxd4 31. Qxd4 Rxd4 32. Kf1 Rd2 33.
Re8 Kg7 34. f3 d4 35. Rd8 Bb4 36. Rb8 Bc3 37. Rb1 d3 38. h4 Rc2 39. Rd1 d2 40.
Ke2 Rc1 41. g4 Rxd1 42. Kxd1 Kf6 43. f4 h5 44. gxh5 gxh5 45. Ke2 Kf5 46. Kd1
Kxf4 47. Ke2 f5 48. Kd1 Ke3 49. Kc2 Ke2 50. Kxc3 d1=Q 0-1

[Event "DEM U14w 2014"]
[Site "Magdeburg GER"]
[Date "2014.06.09"]
[Round "3"]
[White "Böse, Carolin"]
[Black "Walker, Julia"]
[Result "0-1"]
[Termination "normal"]
[Board "6"]
[WhiteElo "1518"]
[BlackElo "1673"]
[PlyCount "40"]
[WhiteFideId "12929646"]
[BlackFideId "1271852"]
[EventCountry "GER"]
[EventRounds "9"]
[EventType "swiss"]
[EventDate "2014.06.07"]

1. e4 e5 2. Nf3 Nc6 3. Bc4 Bc5 4. O-O d6 5. Nc3 Bg4 6. h3 Bh5 7. Be2 Nge7 8.
Nxe5 Bxe2 9. Nxc6 Bxd1 10. Nxd8 Bxc2 11. Nxb7 Bb6 12. b4 Bd3 13. Re1 Nc6 14.
Ba3 Nd4 15. e5 O-O 16. exd6 cxd6 17. Re3 Ba6 18. Re7 Nc2 19. Bb2 Nxa1 20. Bxa1
Rfe8 0-1

[Event "DEM U14w 2014"]
[Site "Magdeburg GER"]
[Date "2014.06.09"]
[Round "3"]
[White "Denkert, Anna"]
[Black "Müller, Sophie"]
[Result "1-0"]
[Termination "normal"]
[Board "7"]
[WhiteElo "1655"]
[BlackElo "1460"]
[PlyCount "53"]
[WhiteFideId "12938122"]
[BlackFideId "12926698"]
[EventCountry "GER"]
[EventRounds "9"]
[EventType "swiss"]
[EventDate "2014.06.07"]

1. e4 c5 2. Nc3 Nc6 3. g3 e6 4. Bg2 Nge7 5. d3 d5 6. f4 d4 7. Nce2 Bd7 8. Nf3
Qc7 9. e5 Nf5 10. Ng5 Be7 11. Ne4 Nb4 12. c4 O-O 13. O-O Rab8 14. g4 Nh4 15.
Bh1 Ng6 16. a3 Nc6 17. a4 b6 18. Bd2 Bc8 19. Qe1 Bb7 20. Qg3 Qd7 21. b3 Rbd8
22. g5 Rfe8 23. h4 Nf8 24. h5 Rb8 25. Nf6+ Bxf6 26. gxf6 g6 27. Qg5 1-0

[Event "DEM U14w 2014"]
[Site "Magdeburg GER"]
[Date "2014.06.09"]
[Round "3"]
[White "Poetsch, Leonore"]
[Black "Christiansen, Anna"]
[Result "1-0"]
[Termination "normal"]
[Board "8"]
[WhiteElo "1529"]
[BlackElo "1330"]
[PlyCount "115"]
[WhiteFideId "12940372"]
[BlackFideId "12952230"]
[EventCountry "GER"]
[EventRounds "9"]
[EventType "swiss"]
[EventDate "2014.06.07"]

1. e3 d5 2. c4 c6 3. d4 Nf6 4. Nc3 e6 5. Nf3 Nbd7 6. Bd3 Bb4 7. a3 Bxc3+ 8.
bxc3 b6 9. cxd5 cxd5 10. O-O O-O 11. Qc2 g6 12. Bd2 Bb7 13. Rab1 Ne4 14. Rfc1
Qe7 15. Qa2 Rfc8 16. c4 Nxd2 17. Nxd2 Ba6 18. Qb3 Nf6 19. a4 Kg7 20. cxd5 Bxd3
21. Qxd3 Nxd5 22. e4 Nf4 23. Qe3 Qg5 24. Qf3 Rxc1+ 25. Rxc1 Nh3+ 26. Qxh3 Qxd2
27. Qc3 Qxc3 28. Rxc3 Rd8 29. Rc4 Kf6 30. f3 Rd7 31. Kf2 a6 32. Ke3 b5 33. axb5
axb5 34. Rb4 Rb7 35. f4 h5 36. g3 g5 37. fxg5+ Kxg5 38. h3 f6 39. d5 exd5 40.
exd5 f5 41. h4+ Kf6 42. Kd4 Rb8 43. Rb3 Rb7 44. Kc5 Ke5 45. Re3+ Kf6 46. Kc6
Rb8 47. d6 b4 48. Kc7 Ra8 49. d7 Ra7+ 50. Kc6 Ra6+ 51. Kb7 Rd6 52. Kc7 Rxd7+
53. Kxd7 Kf7 54. Rb3 Kf6 55. Rxb4 Ke5 56. Kc6 Ke6 57. Rb5 Kf6 58. Kd5 1-0

[Event "DEM U14w 2014"]
[Site "Magdeburg GER"]
[Date "2014.06.09"]
[Round "3"]
[White "Ratay, Meike"]
[Black "Sauer, Annika"]
[Result "1/2-1/2"]
[Termination "normal"]
[Board "9"]
[WhiteElo "1513"]
[BlackElo "1602"]
[PlyCount "52"]
[WhiteFideId "12977608"]
[BlackFideId "12952052"]
[EventCountry "GER"]
[EventRounds "9"]
[EventType "swiss"]
[EventDate "2014.06.07"]

1. e4 d5 2. exd5 Qxd5 3. Nc3 Qa5 4. d4 c6 5. Bc4 Bf5 6. Nge2 Nf6 7. Bf4 e6 8.
f3 Qd8 9. h4 h5 10. Qd2 Bd6 11. Bb3 Qc7 12. Bxd6 Qxd6 13. Rd1 Nbd7 14. Qe3 Nb6
15. Ne4 Bxe4 16. fxe4 Ng4 17. Qf3 Rd8 18. a3 c5 19. c3 c4 20. Bc2 Qc6 21. e5
Qxf3 22. gxf3 Ne3 23. Rd2 Nxc2+ 24. Rxc2 Nd5 25. Kf2 b5 26. Ng3 Nf4 1/2-1/2

[Event "DEM U14w 2014"]
[Site "Magdeburg GER"]
[Date "2014.06.09"]
[Round "3"]
[White "Kail, Sindy"]
[Black "Riegel, Arinna"]
[Result "1/2-1/2"]
[Termination "normal"]
[Board "10"]
[WhiteElo "1487"]
[BlackElo "1613"]
[PlyCount "109"]
[WhiteFideId "12988502"]
[BlackFideId "12931446"]
[EventCountry "GER"]
[EventRounds "9"]
[EventType "swiss"]
[EventDate "2014.06.07"]

1. e4 c5 2. Nf3 e6 3. d4 cxd4 4. Nxd4 a6 5. Nc3 Qc7 6. Be3 Bb4 7. Nde2 Nf6 8.
f3 b5 9. a3 Bc5 10. Bxc5 Qxc5 11. Qd4 Qxd4 12. Nxd4 Bb7 13. Rd1 Nc6 14. Be2 O-O
15. O-O Rfd8 16. Rd2 Nxd4 17. Rxd4 Bc6 18. e5 Nd5 19. Nxd5 Bxd5 20. c4 bxc4 21.
Bxc4 Bxc4 22. Rxc4 d5 23. exd6 Rxd6 24. Rfc1 Rad8 25. Rc8 Kf8 26. Rxd8+ Rxd8
27. Rc6 a5 28. Rc5 Rd5 29. Rxd5 exd5 30. Kf2 Ke7 31. Ke3 a4 32. Kd4 Kd6 33. f4
f6 34. Kc3 Kc5 35. b3 axb3 36. Kxb3 Kd4 37. Kc2 Kc4 38. a4 Kb4 39. Kd3 Kxa4 40.
Kd4 Kb4 41. Kxd5 Kc3 42. Ke6 Kd4 43. f5 h5 44. g3 Ke4 45. h3 Kf3 46. Kf7 Kxg3
47. Kxg7 Kxh3 48. Kxf6 Kg3 49. Ke6 h4 50. f6 h3 51. f7 h2 52. f8=Q h1=Q 53.
Qd6+ Kg2 54. Qd2+ Kg1 55. Qe1+ 1/2-1/2

[Event "DEM U14w 2014"]
[Site "Magdeburg GER"]
[Date "2014.06.09"]
[Round "3"]
[White "Cejda, Cecilia"]
[Black "Peters, Theresa"]
[Result "1-0"]
[Termination "normal"]
[Board "11"]
[WhiteElo "1552"]
[BlackElo "1636"]
[PlyCount "51"]
[WhiteFideId "12921122"]
[BlackFideId "12952192"]
[EventCountry "GER"]
[EventRounds "9"]
[EventType "swiss"]
[EventDate "2014.06.07"]

1. e4 c5 2. Nf3 e6 3. d4 cxd4 4. Nxd4 a6 5. c4 Bc5 6. Be3 Qc7 7. Nc3 Nf6 8. Be2
O-O 9. O-O d6 10. Kh1 Nc6 11. Nxc6 Bxe3 12. fxe3 Qxc6 13. Bd3 Nd7 14. e5 Nxe5
15. Be4 Qxc4 16. Qxd6 Ng4 17. Bxh7+ Kxh7 18. Qxf8 Nxe3 19. Rf3 Nf5 20. Qxf7 Nh6
21. Qf4 Qc6 22. Raf1 b5 23. Ne4 Bb7 24. Ng5+ Kh8 25. Nf7+ Nxf7 26. Qxf7 1-0

[Event "DEM U14w 2014"]
[Site "Magdeburg GER"]
[Date "2014.06.09"]
[Round "3"]
[White "Kummer, Birte"]
[Black "Sewald, Kathrin"]
[Result "0-1"]
[Termination "normal"]
[Board "12"]
[WhiteElo "1297"]
[BlackElo "1540"]
[PlyCount "82"]
[WhiteFideId "12952214"]
[BlackFideId "12964557"]
[EventCountry "GER"]
[EventRounds "9"]
[EventType "swiss"]
[EventDate "2014.06.07"]

1. e4 e5 2. Bc4 Nf6 3. d3 c6 4. Nc3 d5 5. Bb3 Bb4 6. Bd2 d4 7. Nce2 Bd6 8. Nf3
Bg4 9. Ng3 O-O 10. h3 Bd7 11. O-O h6 12. Re1 Nh7 13. c3 c5 14. Rc1 Nc6 15. Bd5
Qe7 16. Bxc6 Bxc6 17. Nf5 Qc7 18. cxd4 exd4 19. N3h4 Kh8 20. Qg4 Rg8 21. Nxd6
Qxd6 22. Bf4 Qf8 23. Nf5 Bd7 24. Bd6 Bxf5 25. Bxf8 Bxg4 26. Bxg7+ Rxg7 27. hxg4
b6 28. f3 Rag8 29. e5 Nf8 30. a3 h5 31. b4 cxb4 32. axb4 hxg4 33. f4 Ne6 34. f5
Nf4 35. e6 Nxd3 36. e7 Nxe1 37. Rxe1 Re8 38. Kf2 f6 39. Re6 Rexe7 40. Rxf6 Ref7
41. Rh6+ Rh7 0-1

[Event "DEM U14w 2014"]
[Site "Magdeburg GER"]
[Date "2014.06.09"]
[Round "3"]
[White "Reinecke, Katharina"]
[Black "Caliebe, Nanke"]
[Result "1-0"]
[Termination "normal"]
[Board "13"]
[WhiteElo "1599"]
[BlackElo "1272"]
[PlyCount "95"]
[WhiteFideId "12929727"]
[BlackFideId "12980528"]
[EventCountry "GER"]
[EventRounds "9"]
[EventType "swiss"]
[EventDate "2014.06.07"]

1. d4 d5 2. c4 e6 3. Nf3 Nf6 4. g3 Bb4+ 5. Bd2 Bxd2+ 6. Nbxd2 b6 7. Bg2 c5 8.
O-O Bb7 9. dxc5 bxc5 10. cxd5 exd5 11. Rc1 Qd6 12. Qb3 Qb6 13. Qe3+ Ne4 14.
Nxe4 dxe4 15. Ng5 f5 16. Qxc5 Qxc5 17. Rxc5 O-O 18. Ne6 Rf7 19. Nd8 Nd7 20.
Nxf7 Nxc5 21. Nd6 Bd5 22. Rc1 Rd8 23. Nxf5 g6 24. Ne7+ Kf7 25. Nxd5 Rxd5 26.
Kf1 Re5 27. Rc4 Kf6 28. b4 Ne6 29. Rxe4 Rd5 30. Rxe6+ Kxe6 31. Bxd5+ Kxd5 32.
Ke1 Kc4 33. a3 Kb3 34. e4 Kc4 35. Kd2 Kd4 36. f3 h5 37. h3 a6 38. h4 Ke5 39.
Kd3 Kd6 40. f4 Ke6 41. Kc4 Kd6 42. e5+ Kc6 43. a4 Kb6 44. Kd5 Kc7 45. e6 Kd8
46. Kd6 Ke8 47. e7 Kf7 48. Kd7 1-0

[Event "DEM U14w 2014"]
[Site "Magdeburg GER"]
[Date "2014.06.09"]
[Round "3"]
[White "Lohrmann, Tabea"]
[Black "Duan, Muxi"]
[Result "1-0"]
[Termination "normal"]
[Board "14"]
[WhiteElo "1484"]
[BlackElo "1052"]
[PlyCount "87"]
[WhiteFideId "12911941"]
[BlackFideId "12971960"]
[EventCountry "GER"]
[EventRounds "9"]
[EventType "swiss"]
[EventDate "2014.06.07"]

1. e4 e5 2. Nf3 Nf6 3. Nxe5 d6 4. Nf3 Nxe4 5. Qe2 Qe7 6. d3 Nf6 7. Bg5 Qxe2+ 8.
Bxe2 Be7 9. Nc3 c6 10. O-O Be6 11. d4 O-O 12. Bd3 h6 13. Bh4 Re8 14. Ne2 Bg4
15. Nd2 Bxe2 16. Bxe2 c5 17. dxc5 dxc5 18. Bb5 Nbd7 19. Rfe1 Kf8 20. Bxf6 Bxf6
21. Bxd7 Red8 22. Nc4 Rxd7 23. Rad1 Re8 24. b3 Rxe1+ 25. Rxe1 Bc3 26. Rc1 b5
27. Ne3 Bd2 28. Rd1 Ke7 29. Kf1 g6 30. Ke2 Bc3 31. Nd5+ Ke6 32. Nxc3 Rb7 33.
Ne4 Rc7 34. Ke3 f5 35. Ng3 c4 36. b4 Ke5 37. f4+ Ke6 38. Ne2 a6 39. Nc3 Rc6 40.
a4 Rb6 41. axb5 axb5 42. Ra1 Kd6 43. Ra5 Kc6 44. Kd4 1-0

[Event "DEM U14w 2014"]
[Site "Magdeburg GER"]
[Date "2014.06.10"]
[Round "4"]
[White "Köhler, Inken"]
[Black "Simon, Tessa"]
[Result "0-1"]
[Termination "normal"]
[Board "1"]
[WhiteElo "1729"]
[BlackElo "1656"]
[WhiteClock "00:04:13"]
[BlackClock "00:02:54"]
[PlyCount "102"]
[WhiteFideId "12929301"]
[BlackFideId "12929395"]
[EventCountry "GER"]
[EventRounds "9"]
[EventType "swiss"]
[EventDate "2014.06.07"]

1. e4 c5 2. d4 cxd4 3. c3 Nf6 4. e5 Nd5 5. Nf3 Nc6 6. cxd4 d6 7. Bc4 Nb6 8. Bb3
dxe5 9. dxe5 Qxd1+ 10. Bxd1 g6 11. Bb3 Bg7 12. e6 Bxe6 13. Bxe6 fxe6 14. Nc3
Nd5 15. Bd2 O-O 16. O-O Nd4 17. Nxd4 Bxd4 18. Rae1 Nc7 19. Re4 Rad8 20. Bf4
Bxc3 21. Bxc7 Rd7 22. bxc3 Rxc7 23. Rxe6 Kf7 24. Re3 Rd8 25. Rc1 Rd2 26. a4 Ra2
27. Rh3 Kg7 28. Rh4 Rxc3 29. Re1 Re2 30. Rb1 Rec2 31. Kf1 Rc1+ 32. Rxc1 Rxc1+
33. Ke2 Rc5 34. Rb4 b6 35. Rb5 Kf6 36. Rxc5 bxc5 37. Kd3 Ke5 38. Kc4 Kd6 39. f4
h6 40. g4 e6 41. h4 h5 42. g5 a6 43. a5 Kc6 44. Kd3 Kd5 45. Kc3 c4 46. Kc2 Kd4
47. Kd2 c3+ 48. Kc2 Kc4 49. Kc1 Kb5 50. Kc2 Kb4 51. Kc1 Kxa5 0-1

[Event "DEM U14w 2014"]
[Site "Magdeburg GER"]
[Date "2014.06.10"]
[Round "4"]
[White "Moses, Selina"]
[Black "Sieber, Fiona"]
[Result "0-1"]
[Termination "normal"]
[Board "2"]
[WhiteElo "1786"]
[BlackElo "1927"]
[PlyCount "114"]
[WhiteFideId "12908070"]
[BlackFideId "12902373"]
[EventCountry "GER"]
[EventRounds "9"]
[EventType "swiss"]
[EventDate "2014.06.07"]

1. e4 c5 2. Nf3 d6 3. d4 cxd4 4. Nxd4 Nf6 5. Nc3 Nc6 6. Bg5 e6 7. Qd2 a6 8.
O-O-O Bd7 9. f3 h6 10. Be3 b5 11. Nxc6 Bxc6 12. Kb1 Qc7 13. Ne2 Bb7 14. g4 Nd7
15. Nf4 Be7 16. h4 Ne5 17. Be2 O-O-O 18. Qd4 Nd7 19. Qb4 Rhe8 20. Qd2 Ne5 21.
Qd4 g5 22. hxg5 hxg5 23. Nh5 d5 24. exd5 Rxd5 25. Qb6 Rxd1+ 26. Rxd1 Qxb6 27.
Bxb6 Nxf3 28. Be3 Rd8 29. Rf1 Nd2+ 30. Bxd2 Rxd2 31. Bd3 Bg2 32. Rg1 Bc5 33.
Re1 Bf2 34. Rc1 Bf3 35. Nf6 Be3 36. Re1 Kc7 37. a4 Bf2 38. Rf1 Bg2 39. Rc1 Kb6
40. axb5 axb5 41. Nd7+ Ka5 42. Nf6 Bf3 43. Rf1 Rd1+ 44. Rxd1 Bxd1 45. Kc1 Bf3
46. c3 Bg3 47. Kc2 Be5 48. Ne4 Bxg4 49. Nxg5 f6 50. Nf7 Bc7 51. Nh6 Bh5 52. Ng8
f5 53. Nf6 Bf3 54. Nd7 Bd6 55. Nf6 Bc6 56. Nh7 Be7 57. Kd2 Be8 0-1